| 000 | 00907nam a2200253 i 4500 | ||
|---|---|---|---|
| 001 | 141450 | ||
| 003 | ES-MaACL | ||
| 005 | 20250907063111.0 | ||
| 007 | t| | ||
| 008 | 070924s1987 sp ||||1| spa d | ||
| 020 | _a84-404-0440-9 | ||
| 080 | _a860-14"19" | ||
| 100 | 1 |
_aVillaverde Gil, Alfredo, _d1947- _9115185 |
|
| 245 | 1 | 0 |
_aAlquimia del deseo / _ctextos originales de Alfredo Villaverde Gil ; dibujos de José Luis Pastor Pradillo. |
| 250 | _a2ª ed. | ||
| 260 |
_aMadrid : _bAsociación Prometeo de Poesía, _c[1987] ( _eBarcelona : _fImp. Elzeviriana) |
||
| 300 |
_a57 p. : _bil. ; _c46 cm. |
||
| 490 | 1 |
_aColección verso y trazo ; _v1 |
|
| 500 | _aEjempl. nº 166 de una tirada de 250 firmados por los autores. | ||
| 700 | 1 |
_aPastor Pradillo, José Luis _989519 |
|
| 830 | 0 |
_aColección verso y trazo ; _v1 _9220414 |
|
| 852 |
_aES-MaACL _jB-8395 |
||
| 999 |
_c141450 _d141450 |
||